00784 a2200169 45000010006000000050017000060080041000230030015000640400040000790800086001192450027002052640075002323000019003075050245003261000018005717000025005895470920260407155822.0260407a1980 arg spa dAR-UNSa-BCEJYS aAR-UNSa-BCEJYSbspacAR-UNSa-BCEJYS a321xFormas de la organización política. Los estados como poderes políticos10aAutoridad y democracia 1aBuenos Aires :bEUDEBA (Editorial Universitaria de Buenos Aires)c1980 a133 p.c20 cm. aI. La autoridad en el régimen antiguo - II. Definición de la autoridad - III. Naturaleza de la autoridad política - IV. La autoridad política y el poder político - V. La autoridad en el mundo moderno - VI. Autoridad y revolución1 aCarter, April1 aColombres, Guillermo